000 00293nam a2200097Ia 4500
008 231207s9999 xx 000 0 und d
082 _a954.91
_bRIA
100 _aRiaz Ahmad
245 0 _aPakistani scholars on Quaid-i-Azam Mohammad Ali Jinnah
260 _bGoledn Jubilee Cell and Quaid-i-Azam Chair
999 _c13087
_d13087